Statistiques concernant Tous les Pokémon de Poképark : La Grande Aventure de Pikachu

Cliquez ici pour prendre le quiz!

Statistiques générales

  • Ce quiz a été pris 38 fois
  • Le résultat moyen est 97 sur 193

Statistiques - réponses

Indice : Zone / Légendaires et obtention de ceux-ciPokémon ?% Correct
Zone VégétaleArcko
89%
Zone VégétaleBulbizarre
89%
Zone VégétaleFlorizarre
89%
Zone VégétaleChenipan
84%
Zone VégétaleGoinfrex
84%
Légendaire PrincipalMew
84%
Zone VégétalePhyllali
84%
Zone VégétalePijako
84%
Zone BalnéaireAquali
79%
Zone VégétaleLaporeille
79%
Zone VégétaleMagicarpe
79%
Zone GlaciairePingoléon
79%
Zone EnfouieRonflex
79%
Zone VégétaleTortipouss
79%
Zone BalnéaireBékipan
74%
Zone VégétaleCapumain
74%
Zone RocheuseDracaufeu
74%
Zone VégétaleFérosinge
74%
Zone VégétaleGermignon
74%
Zone GlaciaireGivrali
74%
Zone VégétaleKeunotor
74%
Zone BalnéaireLéviator
74%
Zone VégétalePiafabec
74%
Zone ArdentePyroli
74%
Zone VégétaleSimularbre
74%
Zone BalnéaireTiplouf
74%
Zone VégétaleTorterra
74%
Zone EnfouieBastiodon
68%
Zone ArdenteBraségali
68%
Zone VégétaleCapidextre
68%
Zone VégétaleCastorno
68%
Légendaire : Gagner tous les bonus de BouldeneuCélébi
68%
Zone RocheuseDrattak
68%
Zone HantéeÉlektek
68%
Place UnionGrodrive
68%
Zone VégétaleInsécateur
68%
Zone VégétaleManzaï
68%
Zone GlaciaireObalie
68%
Zone FleurieRayquaza
68%
Zone ArdenteRhinastoc
68%
Zone RocheuseAbsol
63%
Zone BalnéaireAligatueur
63%
Zone VégétaleAspicot
63%
Zone VégétaleBalignon
63%
Place UnionCheniti
63%
Zone GlaciaireColossinge
63%
Zone VégétaleCradopaud
63%
Zone RocheuseÉvoli
63%
Zone BalnéaireGoélise
63%
Zone ArdenteKapoera
63%
Zone HantéeNoctali
63%
Zone ArdenteOuisticram
63%
Zone VégétalePachirisu
63%
Zone VégétalePapilusion
63%
Zone ArdentePonyta
63%
Légendaire : Gagner tous les bonus de AbsolShaymin
63%
Zone VégétaleTropius
63%
Zone RocheuseVoltali
63%
Zone GlaciaireCadoizo
58%
Zone GlaciaireCochignon
58%
Zone HantéeFantominus
58%
Légendaire : Gagner tous les bonus de BraségaliGroudon
58%
Zone VégétaleLixy
58%
Zone BalnéaireLokhlass
58%
Zone GlaciaireMammochon
58%
Zone HantéeMentali
58%
Zone GlaciaireMomartik
58%
Légendaire : Réussir son attraction avec tous les Pokémon aptesMotisma
58%
Zone GlaciaireOniglali
58%
Zone ArdentePoussifeu
58%
Zone GlaciairePrinplouf
58%
Zone ArdenteSalamèche
58%
Zone BalnéaireSharpedo
58%
Zone ArdenteSimiabraz
58%
Zone ArdenteCamérupt
53%
Zone HantéeEctoplasma
53%
Zone HantéeFeuforêve
53%
Zone BalnéaireKaïminus
53%
Zone EnfouieKicklee
53%
Légendaire : Gagner tous les bonus de BékipanLatias
53%
Zone RocheuseLockpin
53%
Zone ArdenteMaganon
53%
Zone EnfouieMagnéti
53%
Zone HantéePichu
53%
Zone EnfouieRaichu
53%
Zone HantéeSkelénox
53%
Zone HantéeSpectrum
53%
Zone ArdenteTygnon
53%
Zone BalnéaireWailord
53%
Zone HantéeBouldeneu
47%
Zone GlaciaireCarapuce
47%
Zone BalnéaireCarvanha
47%
Zone ArdenteChartor
47%
Zone EnfouieCizayox
47%
Légendaire : Gagner tous les bonus de NoctunoirDarkrai
47%
Zone BalnéaireÉcrapince
47%
Zone EnfouieÉlekable
47%
Zone HantéeÉlekid
47%
Zone VégétaleÉtourmi
47%
Zone BalnéaireGobou
47%
Zone EnfouieGriknot
47%
Zone FleurieHéricendre
47%
Légendaire : Gagner tous les bonus de FlorizarreJirachi
47%
Légendaire : Gagner tous les bonus de DrattakLatios
47%
Zone FleurieLucario
47%
Zone ArdenteMagby
47%
Zone HantéeMagirêve
47%
Place UnionMime Jr.
47%
Zone EnfouieMysdibule
47%
Zone EnfouieNosferapti
47%
Zone BalnéairePsykokwak
47%
Zone BalnéaireTortank
47%
Zone HantéeVoltorbe
47%
Zone BalnéaireAkwakwak
42%
Zone RocheuseArchéomire
42%
Zone HantéeBaudrive
42%
Zone HantéeCoconfort
42%
Zone BalnéaireCorayon
42%
Zone HantéeCorboss
42%
Zone HantéeCornèbre
42%
Légendaire : Gagner tous les bonus de RayquazaDeoxys
42%
Zone HantéeÉlectrode
42%
Zone RocheuseÉtouraptor
42%
Zone BalnéaireÉtourvol
42%
Zone ArdenteGrolem
42%
Zone EnfouieMackogneur
42%
Zone EnfouieMagnézone
42%
Zone EnfouieM.Mime
42%
Zone BalnéaireMustébouée
42%
Zone BalnéaireMustéflott
42%
Zone VégétaleNénupiot
42%
Zone EnfouieNosferalto
42%
Zone BalnéaireOkéoké
42%
Zone EnfouieRacaillou
42%
Zone BalnéaireRamoloss
42%
Zone HantéeRiolu
42%
Zone BalnéaireRoucoups
42%
Légendaire : Gagner tous les bonus de PingoléonSuicune
42%
Zone GlaciaireUrsaring
42%
Place UnionAbra
37%
Zone RocheuseArcanin
37%
Zone BalnéaireAzurill
37%
Zone RocheuseCarchacrok
37%
Zone HantéeChrysacier
37%
Zone GlaciaireFarfuret
37%
Zone EnfouieGalekid
37%
Légendaire : Gagner tous les bonus de RhinastocHeatran
37%
Zone FleurieJoliflor
37%
Zone BalnéaireKrabby
37%
Zone GlaciaireLippouti
37%
Légendaire : Gagner tous les bonus de LéviatorManaphy
37%
Zone VégétaleMystherbe
37%
Zone BalnéaireNirondelle
37%
Zone HantéeNoctunoir
37%
Zone EnfouieOssatueur
37%
Zone EnfouieTaupiqueur
37%
Zone GlaciaireTeddiursa
37%
Zone EnfouieTriopikeur
37%
Zone ArdenteVolcaropod
37%
Zone RocheuseCotovol
32%
Zone FleurieDracolosse
32%
Zone ArdenteFeunard
32%
Zone ArdenteGoupix
32%
Zone RocheuseLibégon
32%
Zone HantéeLuxray
32%
Zone GlaciaireMaraiste
32%
Légendaire : Gagner tous les bonus de BastiodonMétalosse
32%
Zone RocheusePorygon-Z
32%
Zone RocheusePtéra
32%
Zone RocheuseTogékiss
32%
Zone ArdenteBalbuto
26%
Zone ArdenteFeurisson
26%
Zone FleurieFloravol
26%
Zone RocheuseFouinar
26%
Zone RocheuseGranivol
26%
Zone ArdenteKaorine
26%
Zone GlaciaireKirlia
26%
Zone EnfouieKranidos
26%
Zone ArdenteMéditikka
26%
Zone HantéeMimigal
26%
Zone HantéeMoufouette
26%
Zone GlaciaireOctillery
26%
Zone RocheuseRapion
26%
Zone HantéeScorvol
26%
Zone HantéeTénéfix
26%
Zone RocheuseTyranocif
26%
Zone FleurieWattouat
26%
Zone ArdenteCanarticho
21%
Zone HantéeChapignon
21%
Zone EnfouieMiaouss
21%
Zone HantéeMoufflair
21%
Zone EnfouiePhanpy
16%
Zone FleurieRozbouton
16%

Distribution des résultats

Percentile par nombre de réponses

% des personnes avec chaque résultat

Votre développement - résultats

Vous n’avez pas pris ce quiz